000 00523nam a2200193Ia 4500
003 OSt
005 20260601120107.0
008 210210b1996 xxu||||| |||| 00| 0 eng d
040 _cAL
041 _aTulu
082 _aT894.1 PRAP
100 _aPRAMODA K Suvarna.
_d ಪ್ರಮೋದ ಕೆ ಸುವರ್ಣ
_9264832
245 _aPada rangita.
_bಪದ ರಂಗಿತ.
260 _aMangaluru
_bHemanshu Prakashana
_c1996
300 _a100
690 _aTulu Poetry
_9264833
906 _a052087
942 _2ddc
_cBK
999 _c100666
_d100666